000 00610cam a22002053a 4500
001 40123
003 PGUSA
005 20140828083908.0
008 120702s2012||||xxu|||||s|||||000 | eng d
040 _aPGUSA
_beng
042 _adc
245 1 0 _aΟι ευτράπελες ιστορίες του, Νασρ-εν-ντιν Χότζα
_h[electronic resource]
260 _bProject Gutenberg,
_c2012
506 _aPublic domain in the USA.
516 _aElectronic text
700 1 _aTrikoglidis, Kostas
830 0 _aProject Gutenberg
_v40123
856 4 0 _uhttp://www.gutenberg.org/ebooks/40123
942 _cEB
999 _c269376
_d269376